00696nam a22002057a 450000100060000000300080000600500170001400800410003103500190007204000260009104100080011708200220012510000210014724501450016826000320031330000210034549000380036665000660040470000200047020193BD-RjUL20211209000531.0140227s1966 enk 000 0 eng d a(BD-RjUL)20255 aBD-RjULbengcBD-RjUL aeng a828.309bHAF 19661 aHarvey, Gabriel. aFovre letters and certeine sonnets, especially touching Robert Greene : band other parties by him abused, 1592 /cedited by G. B. Harrison. aLondon :bEdinburgh,c1966. a102 p. ;c19 cm.1 aElizabethan and Jaccobean Quartos 0aGreene, Robert, v Quip for an upstart courtier.y1558?-1592.1 aHarrison, G. B.